000 00933nam a2200193 a 4500
001 000041706
005 20230519124859.0
008 131016s1987 sp 000 0 spa d
020 _a8400066839
040 _aDO-SdBNP
_bspa
_cBNPHU
040 _aDO-SdBNP
_bspa
_cBNPHU
111 2 _aInternational Meeting Geochemistry of the Earth Surface and Processes of Mineral Formation
_c(Granada
_d1996 :16-22 marzo)
_968524
245 0 _aGeochemistry and mineral formation in the earth surface :
_bproceedings of the International Meeting Geochemistry of the Earth Surface and Processes of Mineral Formation held in Granada (Spain), 16-22 March 1986 /
_cedited by R. Rodríguez-Clemente and Y. Tardy.
260 _aMadrid :
_bCSIC,
_c1987.
300 _aXVI, 893 p. : ;
_c25 cm.
700 1 _aTardy, Y.
_eed.
_968525
700 1 _aRodríguez-Clemente, R.,
_eed.
_968526
710 2 _aConsejo Superior de Investigaciones Científicas (España)
_915178
999 _c41195
_d41195